000 00273nam a2200109Ia 4500
001 1261183
005 20260417140347.0
008 260417s9999 xx 000 0 und d
020 _a9789754054064
245 0 _aCinayetler Oteli
_cAgatha Christie
260 _bAltın Kitaplar
999 _c1261183
_d1261183